| 000 | 01172cam a2200337 4500 | ||
|---|---|---|---|
| 001 | J119054 | ||
| 008 | 020726n2001 000 0 eng u | ||
| 035 | _a(Sirsi) u119058 | ||
| 050 | _a614.76 | ||
| 110 |
_aRoyal Institution of Chartered Surveyors _94900 |
||
| 245 | _aMinimise housing construction waste : can you help to minimise construction waste? | ||
| 260 |
_aLondon _bRICS _c2001 |
||
| 300 |
_a1 folded sheet _a[4]p. _c30cm. |
||
| 350 | _a0 | ||
| 490 | _aWhat is the Issue | ||
| 490 | _aSupporting Sustainable Construction | ||
| 520 | _aLeaflet produced by the RICS Building Control Faculty advocating the 'Four R' strategy: reduce; reclaim; re-use; recycle. | ||
| 650 | _aBUILT ENVIRONMENT-BUILDING MATERIALS | ||
| 650 | _aBUILT ENVIRONMENT-BUILDING MATERIALS | ||
| 650 | _aCONSTRUCTION WASTE | ||
| 650 | _aDEMOLITION | ||
| 650 | _aDEMOLITION WASTE | ||
| 650 | _aHOUSING | ||
| 650 | _aRECLAIMED BUILDING MATERIALS | ||
| 650 | _aRECYCLING | ||
| 650 | _aREUSE | ||
| 650 | _aWASTE MANAGEMENT | ||
| 690 | _aBUILT ENVIRONMENT-BUILDING MATERIALS | ||
| 710 |
_aDepartment for Transport, Local Government and the Regions _94091 |
||
| 942 | _n0 | ||
| 999 |
_c102240 _d102240 |
||